Sports Quiz

Random Sports or Baseball Quiz

Opening Day Lineups: Reds Quiz Stats

 Plays Quiz Updated Apr 6, 2021

Support Sporcle.
Go Orange.
Score 0/280 Timer 17:00
10 Plays Today
Year Player % Correct
2011Joey Votto
91.6%
2012Joey Votto
91.6%
2009Joey Votto
91.6%
2013Joey Votto
91.4%
2014Joey Votto
90.8%
2015Joey Votto
90.1%
2016Joey Votto
89.3%
2010Joey Votto
88.2%
2017Joey Votto
88.2%
2018Joey Votto
86.8%
2000Barry Larkin
86.2%
1991Barry Larkin
86.2%
1992Barry Larkin
86.2%
1993Barry Larkin
86.2%
1994Barry Larkin
86.2%
1995Barry Larkin
86.2%
1996Barry Larkin
86.2%
1997Barry Larkin
86.2%
1999Barry Larkin
86.2%
2001Barry Larkin
86.2%
2002Barry Larkin
86.2%
2003Barry Larkin
86.2%
2004Barry Larkin
86.2%
2021Joey Votto
86%
2019Joey Votto
85.4%
2007Brandon Phillips
84.5%
2008Brandon Phillips
84.5%
2009Brandon Phillips
84.5%
2011Brandon Phillips
84.1%
2012Brandon Phillips
84.1%
2013Brandon Phillips
83.6%
2014Brandon Phillips
82.3%
2010Brandon Phillips
82.1%
2000Ken Griffey Jr.
82%
2002Ken Griffey Jr.
82%
2003Ken Griffey Jr.
82%
2005Ken Griffey Jr.
82%
2006Ken Griffey Jr.
82%
2007Ken Griffey Jr.
82%
2008Ken Griffey Jr.
82%
2015Brandon Phillips
80.9%
2016Brandon Phillips
79.3%
2020Joey Votto
78.9%
2014Billy Hamilton
77.2%
2002Adam Dunn
76.9%
2003Adam Dunn
76.9%
2004Adam Dunn
76.9%
2005Adam Dunn
76.9%
2006Adam Dunn
76.9%
2007Adam Dunn
76.9%
2008Adam Dunn
76.9%
2011Jay Bruce
76.9%
2012Jay Bruce
76.9%
2015Billy Hamilton
76.7%
2013Jay Bruce
76.6%
2016Billy Hamilton
75.9%
2014Jay Bruce
75.6%
2009Jay Bruce
75.4%
2015Jay Bruce
74.1%
2017Billy Hamilton
74.1%
2016Jay Bruce
72.2%
2013Johnny Cueto
71.8%
2012Johnny Cueto
71.6%
2014Johnny Cueto
71.6%
2018Billy Hamilton
71.5%
2010Scott Rolen
71.2%
2015Johnny Cueto
70%
2011Scott Rolen
69.8%
2012Scott Rolen
69.8%
2021Eugenio Suarez
68.9%
2019Eugenio Suarez
67.5%
2006Aaron Harang
67.2%
2007Aaron Harang
67.2%
2008Aaron Harang
67.2%
2009Aaron Harang
67.2%
2018Eugenio Suarez
66.9%
2014Todd Frazier
65.6%
2010Ramon Hernandez
65.5%
2017Eugenio Suarez
65.2%
2015Todd Frazier
64.7%
2013Todd Frazier
64.6%
1991Eric Davis
63.9%
1996Eric Davis
63.9%
2016Eugenio Suarez
63.2%
2014Zack Cozart
62.1%
2013Zack Cozart
61.6%
2009Ramon Hernandez
61.5%
2015Zack Cozart
61.5%
2021Luis Castillo
61.4%
2010Orlando Cabrera
61.2%
1991Chris Sabo
61.1%
1992Chris Sabo
61.1%
1993Chris Sabo
61.1%
1996Chris Sabo
61.1%
Year Player % Correct
2012Zack Cozart
60.9%
1999Sean Casey
60.9%
2001Sean Casey
60.9%
2002Sean Casey
60.9%
2003Sean Casey
60.9%
2004Sean Casey
60.9%
2005Sean Casey
60.9%
2016Zack Cozart
60.8%
2010Jay Bruce
60.5%
2020Eugenio Suarez
58.6%
2017Zack Cozart
58.5%
2021Nicholas Castellanos
56.9%
2011Ramon Hernandez
56.9%
2021Tucker Barnhart
56.6%
2015Devin Mesoraco
56.6%
2021Mike Moustakas
56.3%
2016Devin Mesoraco
55.6%
1992Jose Rijo
54.7%
1993Jose Rijo
54.7%
1994Jose Rijo
54.7%
1995Jose Rijo
54.7%
2019Luis Castillo
54.5%
1992Reggie Sanders
54.1%
1993Reggie Sanders
54.1%
1994Reggie Sanders
54.1%
1995Reggie Sanders
54.1%
1996Reggie Sanders
54.1%
1997Reggie Sanders
54.1%
1998Reggie Sanders
54.1%
1995Deion Sanders
54%
1997Deion Sanders
54%
2018Tucker Barnhart
53.4%
2018Scooter Gennett
53.2%
2017Tucker Barnhart
52.7%
2017Adam Duvall
52.2%
2016Adam Duvall
52.2%
1999Aaron Boone
52.1%
2000Aaron Boone
52.1%
2001Aaron Boone
52.1%
2019Tucker Barnhart
52.1%
2002Aaron Boone
52.1%
2003Aaron Boone
52.1%
1994Bret Boone
52.1%
1995Bret Boone
52.1%
1997Bret Boone
52.1%
1998Bret Boone
52.1%
2003Austin Kearns
52%
2004Austin Kearns
52%
2005Austin Kearns
52%
2006Edwin Encarnacion
52%
2006Austin Kearns
52%
2007Edwin Encarnacion
52%
2008Edwin Encarnacion
52%
2009Edwin Encarnacion
52%
2002Joey Hamilton
51.8%
2021Jesse Winker
51.6%
2002Juan Encarnacion
51.5%
2012Ryan Ludwick
50.5%
2013Ryan Ludwick
50.5%
2018Homer Bailey
49.8%
2007Alex Gonzalez
49.6%
2009Alex Gonzalez
49.6%
2019Yasiel Puig
49.4%
1991Hal Morris
49.3%
1992Hal Morris
49.3%
1994Hal Morris
49.3%
1995Hal Morris
49.3%
1996Hal Morris
49.3%
1997Hal Morris
49.3%
2011Edinson Volquez
49.3%
2014Ryan Ludwick
49%
1991Paul O'Neill
48.8%
1992Paul O'Neill
48.8%
2021Nick Senzel
48.4%
2013Shin-Soo Choo
47.7%
2012Drew Stubbs
47.6%
2014Brayan Pena
47.5%
2017Scott Schebler
46.5%
2020Sonny Gray
46.3%
2019Jose Iglesias
46.1%
2012Ryan Hanigan
45.9%
2013Ryan Hanigan
45.8%
2018Scott Schebler
45.8%
2019Jesse Winker
45.6%
2018Jesse Winker
44.9%
2011Drew Stubbs
44.6%
2001Jason LaRue
44.5%
2002Jason LaRue
44.5%
2003Jason LaRue
44.5%
2004Jason LaRue
44.5%
2005Jason LaRue
44.5%
1998Pokey Reese
44.4%
1999Pokey Reese
44.4%
2000Pokey Reese
44.4%
Year Player % Correct
2001Pokey Reese
44.4%
2010Laynce Nix
44.3%
2017Jose Peraza
44.1%
2005Paul Wilson
43.4%
2018Jose Peraza
43.1%
2020Mike Moustakas
42.7%
2016Raisel Iglesias
42.6%
2019Scott Schebler
42.4%
2020Nicholas Castellanos
42%
1999Greg Vaughn
40.6%
2019Jose Peraza
40.3%
2006Felipe Lopez
40.1%
1992Joe Oliver
40%
1993Joe Oliver
40%
1994Joe Oliver
40%
1996Joe Oliver
40%
2021Jonathan India
39.9%
1999Dmitri Young
39.9%
2000Dmitri Young
39.9%
2001Dmitri Young
39.9%
1991Tom Browning
39.7%
2010Chris Dickerson
38.9%
2004Ryan Freel
37.3%
2007Ryan Freel
37.3%
1997Eddie Taubensee
36.5%
1998Eddie Taubensee
36.5%
1999Eddie Taubensee
36.5%
2000Eddie Taubensee
36.5%
2010Aaron Harang
36.3%
1999Mike Cameron
34.9%
2011Jonny Gomes
34.9%
2015Marlon Byrd
34.7%
1991Billy Hatcher
34.7%
1995Ron Gant
34.4%
1993Kevin Mitchell
33.9%
1994Kevin Mitchell
33.9%
2020Nick Senzel
33.7%
1998Eduardo Perez
33.6%
2006Scott Hatteberg
33.4%
2007Scott Hatteberg
33.4%
2008Scott Hatteberg
33.4%
1992Bip Roberts
33.2%
1993Bip Roberts
33.2%
1991Mariano Duncan
32.4%
2017Scott Feldman
32%
1995Willie Greene
31.6%
1997Willie Greene
31.6%
1998Willie Greene
31.6%
1995Benito Santiago
31.2%
2020Freddy Galvis
30.8%
2000Pete Harnisch
29.9%
2001Pete Harnisch
29.9%
2002Todd Walker
29.5%
2011Paul Janish
29.5%
2008Corey Patterson
29%
1994Tony Fernandez
28.7%
1993Roberto Kelly
28.5%
1994Roberto Kelly
28.5%
1996Mike Kelly
28.4%
2007David Ross
27.8%
2006Javier Valentin
27.5%
2008Javier Valentin
27.5%
2004D'Angelo Jimenez
27.2%
2005D'Angelo Jimenez
27.2%
1991Jeff Reed
26.9%
2020Curt Casali
25.3%
2000Dante Bichette
24.6%
2005Joe Randa
24.3%
1997John Smiley
24.1%
2000Michael Tucker
23.2%
2001Michael Tucker
23.2%
2009Jerry Hairston, Jr.
22.6%
2004Juan Castro
22%
1998Chris Stynes
21.3%
1992Glenn Braggs
21.1%
2006Tony Womack
20.8%
2008Jeff Keppinger
20.8%
2005Rich Aurilia
20.4%
1999Brett Tomko
20.3%
2020Phil Ervin
20.3%
2020Matt Davidson
20.2%
2009Darnell McDonald
20.1%
1996Pete Schourek
20%
2003Brandon Larson
19.5%
2003Jimmy Haynes
18.6%
2004Cory Lidle
17.8%
2001Alex Ochoa
16.8%
1998Jon Nunnally
15.7%
1997Ruben Sierra
15.4%
1996Eric Owens
15.3%
1998Mike Remlinger
15%
1993Randy Milligan
14.6%

You're not logged in!

Compare scores with friends on all Sporcle quizzes.
OR
Log In

From the Vault

Remove Ads.
Support Sporcle.
Get the best of Sporcle when you Go Orange. This ad-free experience offers more features, more stats, and more fun while also helping to support Sporcle. Thank you for becoming a member.

Show Comments

Extras

Top Quizzes Today


Score Distribution

Your Account Isn't Verified!

In order to create a playlist on Sporcle, you need to verify the email address you used during registration. Go to your Sporcle Settings to finish the process.

Report this User

Report this user for behavior that violates our Community Guidelines.

Details: